Principles of integrated maritime surveillance systems (Record no. 12353)

000 -LEADER
fixed length control field 02095nam a22002177a 4500
008 - FIXED-LENGTH DATA ELEMENTS--GENERAL INFORMATION
fixed length control field 230501b 2000 ||||| |||| 00| 0 eng d
020 ## - INTERNATIONAL STANDARD BOOK NUMBER
International Standard Book Number 9780792386728
082 ## - DEWEY DECIMAL CLASSIFICATION NUMBER
Classification number 621.389
Item number INC
100 ## - MAIN ENTRY--PERSONAL NAME
Personal name Ince, A. Nejat
245 ## - TITLE STATEMENT
Title Principles of integrated maritime surveillance systems
260 ## - PUBLICATION, DISTRIBUTION, ETC. (IMPRINT)
Place of publication, distribution, etc USA
Name of publisher, distributor, etc Kluwer Academic Publishers
Date of publication, distribution, etc 2000
300 ## - PHYSICAL DESCRIPTION
Extent xv, 491p.
520 ## - SUMMARY, ETC.
Summary, etc Information is always required by organizations of coastal states about the movements, identities and intentions of vessels sailing in the waters of interest to them, which may be coastal waters, straits, inland waterways, rivers, lakes or open seas. This interest may stem from defense requirements or from needs for the protection of off-shore resources, enhanced search and rescue services, deterrence of smuggling, drug trafficking and other illegal activities and/or for providing vessel traffic services for safe and efficient navigation and protection of the environment. To meet these needs it is necessary to have a well designed maritime surveillance and control system capable of tracking ships and providing other types of information required by a variety of user groups ranging from port authorities, shipping companies, marine exchanges to governments and the military. Principles of Integrated Maritime Surveillance Systems will be of vital interest to anyone responsible for the design, implementation or provision of a well designed maritime surveillance and control system capable of tracking ships and providing navigational and other types of information required for safe navigation and efficient commercial operation. Principles of Integrated Maritime Surveillance Systems is therefore essential to a variety of user groups ranging from port authorities to shipping companies and marine exchanges as well as civil governments and the military.
650 ## - SUBJECT ADDED ENTRY--TOPICAL TERM
Topical term or geographic name as entry element Maritime Environment
650 ## - SUBJECT ADDED ENTRY--TOPICAL TERM
Topical term or geographic name as entry element Sensors
650 ## - SUBJECT ADDED ENTRY--TOPICAL TERM
Topical term or geographic name as entry element Communications systems and data links
700 ## - ADDED ENTRY--PERSONAL NAME
Personal name Topuz, Ercan
Relator term Co-author
700 ## - ADDED ENTRY--PERSONAL NAME
Personal name Panayirci, Erdal
Relator term Co-author
700 ## - ADDED ENTRY--PERSONAL NAME
Personal name Isik, Cevdet
Relator term Co-author
942 ## - ADDED ENTRY ELEMENTS (KOHA)
Item type Books
Holdings
Withdrawn status Lost status Source of classification or shelving scheme Damaged status Not for loan Collection code Permanent location Current location Shelving location Date acquired Full call number Barcode Date last seen Koha item type Public note
          Non-fiction IMU-MPC Library IMU-MPC Library General Stacks 2023-05-01 621.389 INC MPC6640 2025-03-17 Books Column - 24
Copyright © 2021 Indian Maritime University, Mumbai Port Campus. All Rights Reserved. Managed & Maintained by Central Library, IMU-Mumbai

webs counters

Powered by Koha